Эрозия поверхности металлов импульсными электронными пучками; Инновационные технологии и экономика в машиностроении

Dades bibliogràfiques
Parent link:Инновационные технологии и экономика в машиностроении.— 2008.— С. 149-152
Autor principal: Платонов М. А. Максим Александрович
Idioma:rus
Publicat: 2008
Matèries:
Format: MixedMaterials Capítol de llibre
KOHA link:https://koha.lib.tpu.ru/cgi-bin/koha/opac-detail.pl?biblionumber=161338

MARC

LEADER 00000naa2a2200000 4500
001 161338
005 20231101222240.0
035 |a (RuTPU)RU\TPU\book\174953 
090 |a 161338 
100 |a 20090606d2008 k y0rusy50 ca 
101 0 |a rus 
102 |a RU 
200 1 |a Эрозия поверхности металлов импульсными электронными пучками  |f М. А. Платонов 
320 |a Библиогр.: 3 назв. 
463 0 |0 (RuTPU)RU\TPU\book\164827  |t Инновационные технологии и экономика в машиностроении  |o труды VI Всероссийской научно-практической конференции с международным участием, 15-16 мая 2008 года, Юрга  |f Томский политехнический университет (ТПУ), Юргинский технологический институт (ЮТИ)  |v С. 149-152  |d 2008  |p 479 с. 
610 1 |a электронные пучки 
610 1 |a импульсные электронные пучки 
610 1 |a поверхности 
610 1 |a эрозия 
610 1 |a расчёты 
610 1 |a коэффициент эрозии 
610 1 |a модифицирование 
610 1 |a труды учёных ТПУ 
700 1 |a Платонов  |b М. А.  |c специалист в области металлургии  |c доцент Юргинского технологического института (филиала) Томского политехнического университета  |f 1980-  |g Максим Александрович  |2 stltpush  |3 (RuTPU)RU\TPU\pers\27471  |9 12743 
801 1 |a RU  |b 63413507  |c 20090606  |g PSBO 
801 2 |a RU  |b 63413507  |c 20160805  |g RCR 
942 |c BK